| 000 | 00959nac a22002171u 4500 | ||
|---|---|---|---|
| 010 | _a2003056468 | ||
| 020 | _a0195123727 | ||
| 082 | 0 | 0 |
_a330.015195 _bD2521 |
| 090 |
_c1046 _d1046 |
||
| 100 | _aDavidson, Russell. | ||
| 245 | 1 | 0 |
_aEconometric theory and methods / _cRussell Davidson, James G. MacKinnon. |
| 260 |
_aNew York : _bOxford University Press, _c2004. |
||
| 300 |
_axviii, 750 p. : _bill. ; _c25 cm. |
||
| 504 | _aIncludes bibliographical references (p. 702-721) and indexes. | ||
| 650 | 0 | _aEconometrics. | |
| 700 | 1 | _aMacKinnon, James G. | |
| 856 | 4 | 2 |
_3Publisher description _uhttp://www.loc.gov/catdir/enhancements/fy0614/2003056468-d.html |
| 856 | 4 | 2 |
_3Table of contents only _uhttp://www.loc.gov/catdir/enhancements/fy0614/2003056468-t.html |
| 942 |
_cBB _k330.015195D2521 |
||
| 999 |
_c1046 _d1046 |
||